| 000 | 00971nam a2200313 i 4500 | ||
|---|---|---|---|
| 001 | 00002009 | ||
| 003 | DO-SdBNP | ||
| 005 | 20260321073640.0 | ||
| 007 | ta | ||
| 008 | 100721s2003 dr 000 0 spa d | ||
| 020 | _z9993488620 | ||
| 040 |
_aDO-SdBNP _bspa _cBNPHU _erda |
||
| 082 | 4 |
_a923.77295 _bH831b, 2003 _222 |
|
| 100 | 1 |
_a Bosch, Juan, _d1909-2001 _4aut. _eautor _976555 |
|
| 245 | 1 | 0 |
_aHostos, el sembrador / _cJuan Bosch. |
| 250 | _aNovena edición | ||
| 264 | 1 |
_aSanto Domingo : _bFundación Juan Bosch, _c2003. |
|
| 300 |
_a278 páginas ; _c23 cm. |
||
| 336 |
_atexto _btxt _2rdacontent |
||
| 337 |
_asin mediación _bn _2rdamedia |
||
| 338 |
_avolumen _bnc _2rdacarrier |
||
| 490 |
_aBiografías americanas _v1 |
||
| 500 | _a | ||
| 590 | _aInventariado, 2020/VM | ||
| 600 | 1 | 0 |
_aHostos, Eugenio María de, _d1839-1903 _91352 |
| 650 | 4 |
_aIntelectuales _zPuerto Rico _91002 |
|
| 910 | _aVMateo /Validado. Control de calidad MMOLINA | ||
| 942 |
_2ddc _cLBS1 |
||
| 999 |
_c19606 _d19606 |
||